Beni Deliler Anlar (Record no. 2551)

000 -LEADER
fixed length control field 00459nam a22001817a 4500
008 - FIXED-LENGTH DATA ELEMENTS--GENERAL INFORMATION
fixed length control field 180928b xxu||||| |||| 00| | tur d
020 ## - INTERNATIONAL STANDARD BOOK NUMBER
International Standard Book Number 9789759059958
041 ## - LANGUAGE CODE
Language code of text/sound track or separate title Türkçe
050 ## - LIBRARY OF CONGRESS CALL NUMBER
Classification number PL248.B79
100 ## - MAIN ENTRY--PERSONAL NAME
Personal name Burak, Sevim
9 (RLIN) 1315
245 ## - TITLE STATEMENT
Title Beni Deliler Anlar
250 ## - EDITION STATEMENT
Edition statement 1.Baskı
260 ## - PUBLICATION, DISTRIBUTION, ETC.
Place of publication, distribution, etc. İstanbul
Name of publisher, distributor, etc. Hayykitap
Date of publication, distribution, etc. Kasım 2009
300 ## - PHYSICAL DESCRIPTION
Extent 262 Sayfa
500 ## - GENERAL NOTE
General note Hayykitap - 95
Edebiyat - 6
650 #0 - SUBJECT ADDED ENTRY--TOPICAL TERM
9 (RLIN) 145
Topical term or geographic name entry element Türk Edebiyatı
942 ## - ADDED ENTRY ELEMENTS (KOHA)
Source of classification or shelving scheme
Koha item type Books
Holdings
Withdrawn status Lost status Source of classification or shelving scheme Damaged status Not for loan Permanent Location Current Location Shelving location Date acquired Full call number Barcode Date last seen Price effective from Koha item type
        Ödünç verilemez İmren Ahmet Tüzün Kütüphanesi İmren Ahmet Tüzün Kütüphanesi Ahmet Tüzün 2018-09-28 PL248.B79 100100002512 2018-09-28 2018-09-28 Books

This software was implemented, installed and managed by Devinim Software Training Consulting .